Volto pensante, volto orante Edith Stein
Saved in:
| Hovedforfatter: | |
|---|---|
| Format: | Bog |
| Sprog: | engelsk |
| Udgivet: |
Roma
Edizioni Efesto
2024
|
| Tags: |
Ingen Tags, Vær først til at tagge denne postø!
|
MARC
| LEADER | 00000nam a2200000 4500 | ||
|---|---|---|---|
| 003 | Arcigay Viterbo | ||
| 005 | 20251202183645.0 | ||
| 008 | 251202b |||||||| |||| 00| 0 eng d | ||
| 020 | |a 8833816524 | ||
| 040 | |c Arcigay Viterbo | ||
| 100 | |a Dobner, Cristiana | ||
| 245 | |a Volto pensante, volto orante |b Edith Stein |c Cristiana Dobner | ||
| 260 | |a Roma |b Edizioni Efesto |c 2024 | ||
| 942 | |2 ddc |c BK |n 0 | ||
| 952 | |0 0 |1 0 |2 ddc |4 0 |6 248_300000000000000_DEB_VOL |7 0 |9 10020 |a VT |b VT |d 2025-12-02 |e Dono della Biblioteca Consorziale di Viterbo |i B381 |l 0 |o 248.3 DEB VOL |p B381 |r 2025-12-02 18:38:51 |w 2025-12-02 |y BK |z Dono della Biblioteca Consorziale di Viterbo | ||
| 999 | |c 8357 |d 8357 | ||